[Event "Leiden Noteboom Memorial 74th"]
[Site "Leiden"]
[Date "2014.03.01"]
[Round "3"]
[White "De Bruijne, Arian"]
[Black "Habig, Bryan"]
[Result "1/2-1/2"]
[WhiteElo "1956"]
[BlackElo "1958"]
[PlyCount "71"]
[EventDate "2014.02.28"]
[EventType "swiss"]
[EventRounds "6"]
[EventCountry "NED"]
[SourceTitle "CBM 159 Extra"]
[Source "ChessBase"]
[SourceDate "2014.04.24"]
[SourceVersion "1"]
[SourceVersionDate "2014.04.24"]
[SourceQuality "1"]

1. e4 e6 2. d4 d5 3. Nd2 Nf6 4. e5 Nfd7 5. Bd3 c5 6. c3 Nc6 7. Ne2 Qb6 8. Nf3 cxd4 9. cxd4 f6 10. Nf4 fxe5 11. Nxe6 e4 12. Nfg5 Nf6 13. 0-0 h6 14. Bxe4 dxe4 15. d5 hxg5 16. Be3 Bxe6 17. Bxb6 Nxd5 18. Be3 Bd6 19. g3 0-0-0 20. Qa4 Nxe3 21. fxe3 Rhe8 22. Rac1 Kb8 23. Rfd1 Bg4 24. Rd2 Bf3 25. Qb5 Re5 26. Qb3 Kc7 27. Rdc2 g4 28. Qa4 Kb8 29. b4 a6 30. Rxc6 bxc6 31. Qxa6 Bc7 32. Qxc6 Re7 33. Qb5+ Kc8 34. Qa6+ Kb8 35. a4 Red7 36. Qb5+ 1/2-1/2

[Event "Leiden LCT op-A 7th"]
[Site "Leiden"]
[Date "2013.07.18"]
[Round "6"]
[White "De Bruijne, Arian"]
[Black "Van Halderen, Herman"]
[Result "0-1"]
[WhiteElo "1941"]
[BlackElo "2071"]
[PlyCount "38"]
[EventDate "2013.07.12"]
[EventType "swiss"]
[EventRounds "9"]
[EventCountry "NED"]
[SourceTitle "CBM 155 Extra"]
[Source "ChessBase"]
[SourceDate "2013.08.26"]
[SourceVersion "1"]
[SourceVersionDate "2013.08.26"]
[SourceQuality "1"]

1. e4 c5 2. Nc3 Nc6 3. Nge2 d6 4. d4 cxd4 5. Nxd4 Nf6 6. f3 e5 7. Nb3 Be6 8. Bg5 Be7 9. Qd2 h6 10. Bxf6 Bxf6 11. Rd1 0-0 12. Be2 Bg5 13. Qxd6 Nd4 14. Qxe5 Nxc2+ 15. Kf2 Qb6+ 16. Kg3 Be3 17. h3 g5 18. Nd5 Bxd5 19. Kg4 Bf4 0-1

[Event "Roosendaal LBV op-A"]
[Site "Roosendaal"]
[Date "2012.08.19"]
[Round "6"]
[White "Van de Wynkele, Eric"]
[Black "De Bruijne, Arian"]
[Result "1-0"]
[WhiteElo "2013"]
[BlackElo "1934"]
[PlyCount "84"]
[EventDate "2012.08.16"]
[EventType "swiss"]
[EventRounds "6"]
[EventCountry "NED"]
[SourceTitle "CBM 150 Extra"]
[Source "ChessBase"]
[SourceDate "2012.10.19"]
[SourceVersion "1"]
[SourceVersionDate "2012.10.19"]
[SourceQuality "1"]

1. e4 c5 2. Nc3 a6 3. f4 e6 4. Nf3 Nc6 5. d3 b5 6. g3 d5 7. Bg2 b4 8. Ne2 dxe4 9. dxe4 Qxd1+ 10. Kxd1 Bb7 11. Be3 Nf6 12. Nd2 Be7 13. h3 Rd8 14. Ke1 Na5 15. a3 bxa3 16. Rxa3 Nc6 17. c3 0-0 18. Nc1 Rd7 19. Nc4 Na7 20. Ra4 Bc6 21. Ra5 Bxe4 22. Rh2 Rfd8 23. Rxa6 Nb5 24. Rb6 Rd1+ 25. Ke2 Rxc1 26. Bxe4 Nxc3+ 27. bxc3 Rxc3 28. Nd2 c4 29. Rc6 Nxe4 30. Nxe4 Rc2+ 31. Nd2 Bb4 32. Kd1 Rc3 33. Bc5 Ba5 34. Be7 Re8 35. Nxc4 Bd8 36. Bxd8 Rxd8+ 37. Rd2 Ra8 38. Nb6 Rxc6 39. Nxa8 f6 40. Ke2 Kf7 41. Rd7+ Kg6 42. Nc7 Rc3 1-0

[Event "Roosendaal LBV op-A"]
[Site "Roosendaal"]
[Date "2012.08.17"]
[Round "3"]
[White "Boulahfa, Hicham"]
[Black "De Bruijne, Arian"]
[Result "1-0"]
[WhiteElo "2098"]
[BlackElo "1934"]
[PlyCount "49"]
[EventDate "2012.08.16"]
[EventType "swiss"]
[EventRounds "6"]
[EventCountry "NED"]
[SourceTitle "CBM 150 Extra"]
[Source "ChessBase"]
[SourceDate "2012.10.19"]
[SourceVersion "1"]
[SourceVersionDate "2012.10.19"]
[SourceQuality "1"]

1. Nf3 Nf6 2. g3 g6 3. Bg2 Bg7 4. d4 0-0 5. 0-0 d6 6. Nc3 c6 7. a4 Bf5 8. Nh4 Bg4 9. h3 Bd7 10. e4 Nh5 11. Be3 e5 12. Nf3 f5 13. dxe5 f4 14. gxf4 Nxf4 15. Bxf4 Rxf4 16. exd6 Bxc3 17. bxc3 Rxe4 18. Qd2 Na6 19. Rfe1 Nc5 20. Ng5 Rxe1+ 21. Rxe1 h6 22. Re7 Bf5 23. Qd4 Qf8 24. Nh7 Ne6 25. Nf6+ 1-0

[Event "Roosendaal LBV op-A"]
[Site "Roosendaal"]
[Date "2012.08.17"]
[Round "2"]
[White "De Bruijne, Arian"]
[Black "Kasparova, Tatiana"]
[Result "1/2-1/2"]
[WhiteElo "1934"]
[BlackElo "2109"]
[PlyCount "87"]
[EventDate "2012.08.16"]
[EventType "swiss"]
[EventRounds "6"]
[EventCountry "NED"]
[SourceTitle "CBM 150 Extra"]
[Source "ChessBase"]
[SourceDate "2012.10.19"]
[SourceVersion "1"]
[SourceVersionDate "2012.10.19"]
[SourceQuality "1"]

1. e4 c6 2. c4 e5 3. Nf3 d6 4. d4 Nd7 5. Be2 Ngf6 6. Nc3 Be7 7. 0-0 0-0 8. Qc2 Qc7 9. h3 Re8 10. Be3 Bf8 11. Rad1 b6 12. d5 Bb7 13. Nd2 Rac8 14. Qb1 Qb8 15. g4 h6 16. f4 Qc7 17. fxe5 Nxe5 18. g5 hxg5 19. Bxg5 Nh7 20. Be3 Rcd8 21. Kh2 Qd7 22. Rg1 c5 23. Rg3 g6 24. Rdg1 Bg7 25. Qc1 Bc8 26. Nf3 Qe7 27. Nd1 Nxf3+ 28. Bxf3 Qh4 29. Bf4 Be5 30. Bxe5 Rxe5 31. Nf2 Kg7 32. Qd2 Nf6 33. Qe1 Rh8 34. Qf1 Nh5 35. Bxh5 Rexh5 36. Rf3 Qe7 37. Ng4 Bxg4 38. Rxg4 Rh4 39. Rgf4 Qe5 40. Kg2 Rxf4 41. Rxf4 f6 42. Qf2 Qg5+ 43. Rg4 Qh5 44. Qf3 1/2-1/2

[Event "Dieren op"]
[Site "Dieren"]
[Date "2012.08.01"]
[Round "8"]
[White "De Bruijne, Arian"]
[Black "Van Liempt, Michael"]
[Result "0-1"]
[WhiteElo "1934"]
[BlackElo "1954"]
[PlyCount "74"]
[EventDate "2012.07.24"]
[EventType "swiss"]
[EventRounds "9"]
[EventCountry "NED"]
[SourceTitle "CBM 149 Extra"]
[Source "ChessBase"]
[SourceDate "2012.08.24"]
[SourceVersion "1"]
[SourceVersionDate "2012.08.24"]
[SourceQuality "1"]

1. e4 c5 2. Nc3 g6 3. f4 Bg7 4. Nf3 Nc6 5. Bc4 e6 6. 0-0 Nge7 7. d3 0-0 8. Qe1 Nd4 9. Bb3 Nec6 10. f5 Nxf3+ 11. Rxf3 Nd4 12. Rh3 b5 13. Be3 d5 14. exd5 exd5 15. Bxd5 Bxf5 16. Bxa8 Bxh3 17. gxh3 Nxc2 18. Qd2 Nxe3 19. Bf3 Nc4 20. Qc2 Nxb2 21. Nxb5 Nxd3 22. Rd1 c4 23. Qxc4 Qb6+ 24. Kh1 Nf2+ 25. Kg2 Nxd1 26. Bxd1 a6 27. Nc3 Qb2+ 28. Ne2 Qb7+ 29. Kg1 Rc8 30. Qd3 Qb6+ 31. Kg2 Rd8 32. Nd4 Qxd4 33. Qxg6 hxg6 34. Bb3 Qd2+ 35. Kf3 Rd3+ 36. Ke4 Kf8 37. Bxf7 Qe3# 0-1

[Event "Dieren op"]
[Site "Dieren"]
[Date "2012.07.31"]
[Round "7"]
[White "Vos, Tjark"]
[Black "De Bruijne, Arian"]
[Result "1/2-1/2"]
[WhiteElo "1958"]
[BlackElo "1934"]
[PlyCount "82"]
[EventDate "2012.07.24"]
[EventType "swiss"]
[EventRounds "9"]
[EventCountry "NED"]
[SourceTitle "CBM 149 Extra"]
[Source "ChessBase"]
[SourceDate "2012.08.24"]
[SourceVersion "1"]
[SourceVersionDate "2012.08.24"]
[SourceQuality "1"]

1. e4 c5 2. Nf3 d6 3. d4 cxd4 4. Nxd4 Nf6 5. Nc3 a6 6. Bg5 Nbd7 7. Bc4 g6 8. Qe2 Bg7 9. 0-0-0 0-0 10. f4 Qc7 11. f5 b5 12. Bd5 Bb7 13. fxg6 hxg6 14. Bxb7 Qxb7 15. Nb3 b4 16. Nd5 Nxd5 17. exd5 Ne5 18. h4 a5 19. h5 f6 20. hxg6 fxg5 21. Qh5 Rf2 22. Rhf1 Qa7 23. Rxf2 Qxf2 24. Qh7+ Kf8 25. Nd2 Qd4 26. Rf1+ Ke8 27. Qg8+ Kd7 28. Qxa8 Ng4 29. Qb7+ Kd8 30. Qb8+ Kd7 31. Qb5+ Kd8 32. Qxa5+ Kd7 33. Qb5+ Kd8 34. Qa5+ Kc8 35. Qa8+ Kc7 36. Qc6+ Kd8 37. Rf8+ Bxf8 38. Qa8+ Kd7 39. Qxf8 Nf6 40. b3 Qg1+ 41. Kb2 Qd4+ 1/2-1/2

[Event "Dieren op"]
[Site "Dieren"]
[Date "2012.07.28"]
[Round "5"]
[White "Van Osch, Mees"]
[Black "De Bruijne, Arian"]
[Result "1-0"]
[WhiteElo "2071"]
[BlackElo "1934"]
[PlyCount "125"]
[EventDate "2012.07.24"]
[EventType "swiss"]
[EventRounds "9"]
[EventCountry "NED"]
[SourceTitle "CBM 149 Extra"]
[Source "ChessBase"]
[SourceDate "2012.08.24"]
[SourceVersion "1"]
[SourceVersionDate "2012.08.24"]
[SourceQuality "1"]

1. e4 c5 2. Nf3 d6 3. d4 cxd4 4. Nxd4 Nf6 5. Nc3 a6 6. Bg5 Nbd7 7. Qe2 g6 8. f4 Qc7 9. 0-0-0 Bg7 10. g4 e5 11. Nb3 b5 12. a3 0-0 13. f5 Bb7 14. Bxf6 Bxf6 15. Qd2 Nc5 16. Nxc5 dxc5 17. g5 Rfd8 18. Nd5 Rxd5 19. exd5 Be7 20. f6 Bd6 21. h4 b4 22. axb4 cxb4 23. h5 e4 24. Kb1 Re8 25. hxg6 fxg6 26. Bh3 Bc8 27. Be6+ Bxe6 28. dxe6 Rxe6 29. Qd5 Qf7 30. Rhe1 e3 31. Rd3 e2 32. Qc6 Bf8 33. Qf3 h6 34. gxh6 Qxf6 35. Qxf6 Rxf6 36. Rxe2 Bxh6 37. Rd8+ Bf8 38. Re4 Kg7 39. Rg4 Kf7 40. Ka2 Be7 41. Rd2 Rf5 42. Rd7 Kf6 43. Ra7 Ra5+ 44. Kb3 g5 45. Rg1 Bd6 46. Rd7 Ke6 47. Rg7 Kf6 48. Rg8 Rc5 49. Ra8 a5 50. Ra6 Ke7 51. Re1+ Be5 52. Rg6 Kd7 53. Rxg5 Kd6 54. Rgxe5 Rxe5 55. Rxe5 Kxe5 56. Ka4 Kd4 57. Kxa5 b3 58. cxb3 Kc5 59. b4+ Kc6 60. Ka6 Kc7 61. b5 Kb8 62. Kb6 Ka8 63. Kc7 1-0

[Event "Dieren op"]
[Site "Dieren"]
[Date "2012.07.25"]
[Round "2"]
[White "De Bruijne, Arian"]
[Black "Popilski, Gil"]
[Result "0-1"]
[WhiteElo "1934"]
[BlackElo "2450"]
[PlyCount "60"]
[EventDate "2012.07.24"]
[EventType "swiss"]
[EventRounds "9"]
[EventCountry "NED"]
[SourceTitle "CBM 149 Extra"]
[Source "ChessBase"]
[SourceDate "2012.08.24"]
[SourceVersion "1"]
[SourceVersionDate "2012.08.24"]
[SourceQuality "1"]

1. e4 d5 2. exd5 Qxd5 3. Nc3 Qd6 4. Nf3 Nf6 5. d4 c6 6. Bc4 Bg4 7. Be3 e6 8. h3 Bh5 9. Qd2 Nbd7 10. 0-0-0 Be7 11. a3 Qc7 12. g4 Bg6 13. Ne5 Nxe5 14. dxe5 Qxe5 15. g5 Rd8 16. Bd4 Rxd4 17. Qxd4 Qxg5+ 18. Qe3 Qxe3+ 19. fxe3 Bc5 20. Rhe1 Ke7 21. Bf1 Nd7 22. Bg2 Ne5 23. b4 Bd6 24. Rd4 a5 25. Kb2 b5 26. Red1 Nc4+ 27. Kb3 a4+ 28. Nxa4 Nxe3 29. Rxd6 Bxc2+ 30. Kc3 Nxd1+ 0-1

[Event "Leiden Noteboom Memorial-A 72nd"]
[Site "Leiden"]
[Date "2012.02.17"]
[Round "1"]
[White "De Bruijne, Arian"]
[Black "Smeets, Jan"]
[Result "0-1"]
[WhiteElo "1934"]
[BlackElo "2607"]
[PlyCount "92"]
[EventDate "2012.02.17"]
[EventType "swiss"]
[EventRounds "6"]
[EventCountry "NED"]
[SourceTitle "CBM 147 Extra"]
[Source "ChessBase"]
[SourceDate "2012.04.24"]
[SourceVersion "1"]
[SourceVersionDate "2012.04.24"]
[SourceQuality "1"]

1. e4 c5 2. Nc3 a6 3. f4 b5 4. d3 e6 5. g3 d5 6. Bg2 Bb7 7. e5 Ne7 8. Nf3 Nf5 9. 0-0 Nc6 10. Ne2 h5 11. Bd2 d4 12. Ng5 Qb6 13. b3 Be7 14. Ne4 Nb4 15. g4 hxg4 16. N2g3 g6 17. Bxb4 cxb4 18. Qxg4 Ne3 19. Qf3 Nxf1 20. Rxf1 0-0-0 21. Qf2 Rh4 22. Nd6+ Bxd6 23. Bxb7+ Qxb7 24. exd6 Rxd6 25. Ne4 Rg4+ 26. Ng3 Rc6 27. h3 Rh4 28. Ne4 Rxh3 29. Qxd4 Qb6 30. Qxb6 Rxb6 31. Ng5 Rh5 32. Nxf7 Rf5 33. Ng5 e5 34. Nh3 exf4 35. Rxf4 Rxf4 36. Nxf4 g5 37. Nd5 Re6 38. Kf2 Kd7 39. c4 bxc3 40. Nxc3 b4 41. Ne4 Rc6 42. Ke3 Rc2 43. d4 Rxa2 44. d5 Ra1 45. Kd4 Rc1 46. Ke5 Re1 0-1